Availability of External Sources of Finance for Small And Medium – Sized Enterprises in the Slovak Republic

Empirická analýza finančných obmedzení v investičnom procese slovenských podnikov z roku 2016.

Uložené v:
Podrobná bibliografia
Hlavný autor: Belanová, Katarína, 1978-
Médium: Kapitola
Jazyk:English
Predmet:
Tagy: Pridať tag
Žiadne tagy, Buďte prvý, kto otaguje tento záznam!

MARC

LEADER 00000naa$a2200000$$$4500
001 0242708
005 20240502083650.6
041 0 |a eng 
044 |a BG 
245 1 0 |a Availability of External Sources of Finance for Small And Medium – Sized Enterprises in the Slovak Republic  |c Katarina Belanova 
520 |a Empirická analýza finančných obmedzení v investičnom procese slovenských podnikov z roku 2016. 
610 2 0 |a podnik 
610 2 0 |a podnik malý 
610 2 0 |a podnik stredný 
610 2 0 |a financovanie podnikov 
610 2 0 |a zdroje finančné 
610 2 0 |a zdroje finančné cudzie 
610 2 0 |a investovanie 
610 2 0 |a proces investičný 
610 2 0 |a cash flow 
610 2 0 |a Slovensko 
100 1 |a Belanová, Katarína, 1978-